[Event "HUN-chT2 Toth 1112"]
[Site "Hungary"]
[Date "2012.02.19"]
[Round "6.10"]
[White "Mohacsi, Imre"]
[Black "Kopias, Ferenc"]
[Result "1-0"]
[WhiteElo "1966"]
[BlackElo "1866"]
[PlyCount "53"]
[EventDate "2011.09.25"]
[EventType "team-tourn"]
[EventRounds "11"]
[EventCountry "HUN"]
[SourceTitle "EXT 2013"]
[Source "ChessBase"]
[SourceDate "2012.11.22"]
[SourceVersion "1"]
[SourceVersionDate "2012.11.22"]
[SourceQuality "1"]
[WhiteTeam "Karcag"]
[BlackTeam "Mako"]
[WhiteTeamCountry "HUN"]
[BlackTeamCountry "HUN"]

1. e4 Nf6 2. Nc3 d5 3. exd5 Nxd5 4. d4 e6 5. Nf3 Nd7 6. Ne4 N7f6 7. Neg5 Qe7 8. Ne5 Qb4+ 9. Qd2 h6 10. Ngxf7 Rg8 11. c3 Qb6 12. Nc4 Qc6 13. Nfe5 Qa6 14. Bd3 b5 15. Bg6+ Ke7 16. Ne3 Nxe3 17. Qxe3 Bb7 18. 0-0 Rh8 19. f4 h5 20. h3 Rh6 21. f5 Bd5 22. fxe6 Bxe6 23. Qg3 h4 24. Qd3 Rh8 25. Bg5 Rd8 26. Rae1 c5 27. Nf7 1-0

[Event "HUN-chT2 Toth 1112"]
[Site "Hungary"]
[Date "2011.11.13"]
[Round "3.9"]
[White "Peczely, Gyorgy"]
[Black "Mohacsi, Imre"]
[Result "1/2-1/2"]
[WhiteElo "1896"]
[BlackElo "1966"]
[PlyCount "81"]
[EventDate "2011.09.25"]
[EventType "team-tourn"]
[EventRounds "11"]
[EventCountry "HUN"]
[SourceTitle "EXT 2013"]
[Source "ChessBase"]
[SourceDate "2012.11.22"]
[SourceVersion "1"]
[SourceVersionDate "2012.11.22"]
[SourceQuality "1"]
[WhiteTeam "Roszke II"]
[BlackTeam "Karcag"]
[WhiteTeamCountry "HUN"]
[BlackTeamCountry "HUN"]

1. d4 Nf6 2. Nf3 g6 3. g3 Bg7 4. Bg2 0-0 5. 0-0 d6 6. Nbd2 c5 7. c3 cxd4 8. Nxd4 e5 9. Nc2 d5 10. Nb3 h6 11. Nb4 e4 12. Nd4 a5 13. Nbc2 Nc6 14. h3 Nd7 15. Be3 Nde5 16. Qc1 Kh7 17. Nb5 b6 18. Rd1 f5 19. Nca3 Be6 20. f4 Nf7 21. Nd4 Nxd4 22. Bxd4 Nd6 23. e3 Rc8 24. Qd2 Qc7 25. Bf1 Rfd8 26. Rac1 Nc4 27. Bxc4 dxc4 28. Nc2 Rd5 29. Qe2 Bxd4 30. Nxd4 Bf7 31. Nc2 Rcd8 32. Rxd5 Rxd5 33. Nd4 b5 34. a3 Qc5 35. Qe1 Qb6 36. h4 Qd6 37. Rd1 Be8 38. Kg2 Bd7 39. Qd2 Be8 40. Qe1 Bd7 41. Qd2 1/2-1/2

[Event "HUN-chT2 Toth 1011"]
[Site "Hungary"]
[Date "2010.11.21"]
[Round "6.9"]
[White "Mohacsi, Imre"]
[Black "Csikos, Mihaly"]
[Result "0-1"]
[WhiteElo "2002"]
[BlackElo "2086"]
[PlyCount "82"]
[EventDate "2010.09.12"]
[EventType "team-tourn"]
[EventRounds "11"]
[EventCountry "HUN"]
[SourceTitle "EXT 2012"]
[Source "ChessBase"]
[SourceDate "2011.11.24"]
[SourceVersion "1"]
[SourceVersionDate "2011.11.24"]
[SourceQuality "1"]
[WhiteTeam "Karcag"]
[BlackTeam "Roszke"]
[WhiteTeamCountry "HUN"]
[BlackTeamCountry "HUN"]

1. e4 e5 2. Nf3 Nf6 3. d4 exd4 4. e5 Ne4 5. Qxd4 d5 6. exd6 Nxd6 7. Bd3 Nc6 8. Qf4 Be7 9. 0-0 0-0 10. Nc3 Be6 11. Be3 Bf6 12. Rad1 Bxc3 13. bxc3 Qf6 14. Qg3 h6 15. Nd4 Nxd4 16. cxd4 Bxa2 17. Ra1 Bd5 18. Ra5 c6 19. Bf4 Ne4 20. Qe3 b6 21. Be5 Qe6 22. Ra3 f5 23. Rc1 Nf6 24. f3 Bc4 25. Bxc4 Qxc4 26. Rc3 Qe6 27. Qd3 Rfe8 28. Re1 Nd5 29. Rb3 Nf4 30. Qd2 Ng6 31. Qb4 c5 32. Qb5 cxd4 33. Bg3 Qf7 34. Rxe8+ Rxe8 35. Rd3 Re2 36. Rxd4 Rxc2 37. Rd7 Rc1+ 38. Kf2 Qa2+ 39. Ke3 f4+ 40. Bxf4 Qe6+ 41. Kd2 Qe1+ 0-1

[Event "HUN-chT2 Toth 1011"]
[Site "Hungary"]
[Date "2010.10.10"]
[Round "3.8"]
[White "Mohacsi, Imre"]
[Black "Varga, Bela"]
[Result "1-0"]
[WhiteElo "2002"]
[BlackElo "1931"]
[PlyCount "53"]
[EventDate "2010.09.12"]
[EventType "team-tourn"]
[EventRounds "11"]
[EventCountry "HUN"]
[SourceTitle "EXT 2012"]
[Source "ChessBase"]
[SourceDate "2011.11.24"]
[SourceVersion "1"]
[SourceVersionDate "2011.11.24"]
[SourceQuality "1"]
[WhiteTeam "Karcag"]
[BlackTeam "Csongrad Felegyhaza"]
[WhiteTeamCountry "HUN"]
[BlackTeamCountry "HUN"]

1. e4 g6 2. d4 Bg7 3. Nc3 Nf6 4. e5 Ng8 5. f4 d6 6. Bc4 e6 7. Nf3 d5 8. Bd3 Ne7 9. Be3 a6 10. Qd2 b5 11. 0-0-0 Nd7 12. g4 Nb6 13. b3 c6 14. Qg2 Nd7 15. f5 Bf8 16. fxe6 fxe6 17. Ng5 Bh6 18. Qh3 Bxg5 19. Bxg5 Nf8 20. Rhf1 Ra7 21. Qf3 Qa5 22. Qf7+ Kd8 23. Kb2 c5 24. Bf6 cxd4 25. Nb1 Qb4 26. Bxh8 Nf5 27. Qxa7 1-0

[Event "HUN-chT2 Toth 1011"]
[Site "Hungary"]
[Date "2010.09.12"]
[Round "1.8"]
[White "Mohacsi, Imre"]
[Black "Babinszki, Janos"]
[Result "1-0"]
[WhiteElo "2002"]
[BlackElo "1844"]
[PlyCount "89"]
[EventDate "2010.09.12"]
[EventType "team-tourn"]
[EventRounds "11"]
[EventCountry "HUN"]
[SourceTitle "EXT 2012"]
[Source "ChessBase"]
[SourceDate "2011.11.24"]
[SourceVersion "1"]
[SourceVersionDate "2011.11.24"]
[SourceQuality "1"]
[WhiteTeam "Karcag"]
[BlackTeam "Mezobereny"]
[WhiteTeamCountry "HUN"]
[BlackTeamCountry "HUN"]

1. e4 d6 2. d4 Nf6 3. f3 g6 4. Nc3 Bg7 5. Be3 0-0 6. Qd2 Nc6 7. 0-0-0 e5 8. Nge2 Ne8 9. g4 a5 10. h4 exd4 11. Nxd4 Ne5 12. Qg2 a4 13. a3 Bd7 14. Be2 c5 15. Ndb5 Bxb5 16. Nxb5 Qb6 17. h5 Ra5 18. c4 Nc6 19. hxg6 fxg6 20. Qh2 Nd4 21. Bxd4 cxd4 22. Qxh7+ Kf7 23. Qh2 Qc5 24. Kb1 Qe5 25. Bd3 Qxh2 26. Rxh2 Ke6 27. Rh7 Rf7 28. c5 Ke5 29. cxd6 Nxd6 30. Nxd6 Kxd6 31. Rf1 Rg5 32. Be2 Rc7 33. f4 Rgc5 34. Bd3 b5 35. e5+ Kd5 36. Bxg6 b4 37. axb4 Rb5 38. Rc1 Ra7 39. Rc5+ Rxc5 40. bxc5 Kxc5 41. f5 a3 42. f6 Rb7 43. fxg7 Rxb2+ 44. Ka1 Rb8 45. Rh8 1-0